书目信息 |
| 题名: |
海洋腐蚀与生物污损防护研究
|
|
| 作者: | 邵东旭 著 | |
| 分册: | ||
| 出版信息: | 长春 吉林大学出版社 2018.12 |
|
| 页数: | 272页 | |
| 开本: | 24cm | |
| 丛书名: | ||
| 单 册: | ||
| 中图分类: | TG172.5 , TG172.7 | |
| 科图分类: | ||
| 主题词: | 海水腐蚀--Hai Shui Fu Shi--防腐--研究 , 生物腐蚀--Sheng Wu Fu Shi--防腐--研究 | |
| 电子资源: | ||
| ISBN: | 978-7-5692-3704-7 | |
| 000 | 01457nam0 2200289 45 | |
| 001 | 012001002082 | |
| 005 | 20131109164520.0 | |
| 010 | @a978-7-5692-3704-7@dCNY59.00 | |
| 099 | @aCAL 012019061830 | |
| 100 | @a20190513d2019 em y0chiy50 ea | |
| 101 | 0 | @achi |
| 102 | @aCN@b220000 | |
| 105 | @aak a 000yy | |
| 106 | @ar | |
| 200 | 1 | @a海洋腐蚀与生物污损防护研究@AHai Yang Fu Shi Yu Sheng Wu Wu Sun Fang Hu Yan Jiu@f邵东旭著 |
| 210 | @a长春@c吉林大学出版社@d2018.12 | |
| 215 | @a272页@c图@d24cm | |
| 300 | @a2017年中央支持地方高校发展专项资金 海南省特色重点学科海南热带海洋学院海洋工程学科资助项目 | |
| 320 | @a有书目 (第270-272页) | |
| 330 | @a随着经济和社会的快速发展,我国的海洋开发事业也有了突飞猛进的发展,海洋构造物也随之越来越多。由于海水本身是一种强的腐蚀介质,所以各种构造物都处于一种十分严酷的腐蚀环境,同时海洋微生物、附着生物及它们的代谢产物等都会对腐蚀过程产生直接或间接的加速作用。因此研究海洋腐蚀与生物污损防护对海洋构造物的正常运行和安全使用具有十分重要的意义。本书全面地梳理海洋腐蚀的基本原理与理论,分析海洋污损生物的特点、影响及分布,阐释构造物在海洋中的腐蚀情况,总结海洋腐蚀与生物污损防护的方法与技术等,可以给海洋工程的建设实践提供一定的参考和借鉴。 | |
| 606 | 0 | @a海水腐蚀@AHai Shui Fu Shi@x防腐@x研究 |
| 606 | 0 | @a生物腐蚀@ASheng Wu Fu Shi@x防腐@x研究 |
| 690 | @aTG172.5@v5 | |
| 690 | @aTG172.7@v5 | |
| 701 | 0 | @a邵东旭@AShao Dongxu@4著 |
| 801 | 0 | @aCN@b北京卓展@c20191020 |
| 905 | @b1199563-6@dTG172.5@e93@f4 | |
| 海洋腐蚀与生物污损防护研究/邵东旭著.-长春:吉林大学出版社,2018.12 |
| 272页:图;24cm |
| 2017年中央支持地方高校发展专项资金 海南省特色重点学科海南热带海洋学院海洋工程学科资助项目 |
| ISBN 978-7-5692-3704-7:CNY59.00 |
| 随着经济和社会的快速发展,我国的海洋开发事业也有了突飞猛进的发展,海洋构造物也随之越来越多。由于海水本身是一种强的腐蚀介质,所以各种构造物都处于一种十分严酷的腐蚀环境,同时海洋微生物、附着生物及它们的代谢产物等都会对腐蚀过程产生直接或间接的加速作用。因此研究海洋腐蚀与生物污损防护对海洋构造物的正常运行和安全使用具有十分重要的意义。本书全面地梳理海洋腐蚀的基本原理与理论,分析海洋污损生物的特点、影响及分布,阐释构造物在海洋中的腐蚀情况,总结海洋腐蚀与生物污损防护的方法与技术等,可以给海洋工程的建设实践提供一定的参考和借鉴。 |
| ● |
| 相关链接 |
|
|
|
|
正题名:海洋腐蚀与生物污损防护研究
索取号:TG172.5/93
 
预约/预借
| 序号 | 登录号 | 条形码 | 馆藏地/架位号 | 状态 | 备注 |
| 1 | 1199563 | 211995634 | 第二样本阅览室/ [索取号:TG172.5/93] | 在馆 | |
| 2 | 1199564 | 211995643 | 第三借阅区/ [索取号:TG172.5/93] | 在馆 | |
| 3 | 1199565 | 211995652 | 第三借阅区/ [索取号:TG172.5/93] | 在馆 | |
| 4 | 1199566 | 211995661 | 第三借阅区/ [索取号:TG172.5/93] | 在馆 |